000 01565nab a2200241 i 4500
001 768714001
003 CO-MdFUSB
005 20240627154924.0
008 240626t1995 us ||||| |||| 00| 0 eng d
040 _bspa
_cCO-MdFUSB
_dCO-MdFUSB
041 _aeng
100 _aGittins, Anthony J.,
_d1943- ‎
_eautor
245 1 _aMusic and gift-exchange :
_bsteps to the inculturation of the gospel
_c/ Anthony J. Gittins
520 _aLa música es un espejo que refleja la vida de una comunidad y un medio de intercambio; no sólo entretenimiento sino un componente vital de la cultura, un lugar de significados y valores sociales. Las culturas nunca son estáticas. La música es un vehículo para la modificación y variación de significados culturales. Los extraños también son un medio por el cual las culturas pueden infiltrarse y enriquecerse. Este artículo considera los diversos componentes culturales (música, intercambio de regalos, extraños y cambio social) como el tejido social a partir del cual se debe tejer la inculturación del evangelio. Y es una parábola transcultural que contiene lecciones para las congregaciones y comunidades locales.
546 _aTexto en inglés.
650 7 _aCristianismo y cultura
_96959
650 7 _aAntropología cultural y social
_96714
650 7 _aReligiones
_9386
653 _aMúsica
773 0 _049486
_961118
_d Pasadena
_oR0896
_tMissiology:
_w(CO-MdFUSB)97
_gVolumen 23, (número 4, 1995) páginas: 415 - 429
_qpágina: 415
942 _cANA
945 _aCatherine Arias Álvarez - Practicante SENA
999 _c70369
_d70369